| 000 | 01041cad a22002055a 4500 | ||
|---|---|---|---|
| 001 | L154674 | ||
| 008 | 120112s2012 xxk f 000 0 eng d | ||
| 035 | _a(Sirsi) u154674 | ||
| 041 | 0 | _aeng | |
| 110 | 2 |
_aCentre for Low Carbon Futures _96009 |
|
| 245 | 0 | 4 |
_aThe economics of low carbon cities _ba mini-Stern review for the Leeds City region _h[electronic resource] |
| 260 |
_aCLCF _c2012 |
||
| 520 | _aUK cities could cut their energy bills by millions by exploiting commercially attractive opportunities in energy and carbon management. These investments would pay for themselves in just four years and could be made by households, public and commercial buildings, industry and transport. Gives an example of these range of low carbon options with reference to the Leeds City Region. | ||
| 590 | _aKA NTK | ||
| 651 | 4 | _aLeeds | |
| 690 |
_aEnergy _96237 |
||
| 690 |
_aEnvironment _96238 |
||
| 856 | 4 | 0 |
_uhttps://www.lowcarbonfutures.org/ _zView the report free of charge at www.lowcarbonfutures.org (Registration required) |
| 942 | _n0 | ||
| 999 |
_c113099 _d113099 |
||